00564nam a2200205Ia 450000500170000000800410001702000150005808200130007310000170008624500330010326000270013630000190016365000110018265000130019365000140020665000220022094200060024295200950024899900150034320241120024826.0240331s9999 xx 000 0 und d a9551132009 bSIVa894 aSivathamby,K 0aBeing a Tamil and Sri Lankan aColombobAivakamc2005 aXXIV, 325 P ., aSocial aCultural aEconomics aPolitical Culture cL 001040708LaWERCLbWERCLcSSCd2024-03-31l0o 894 SIVp6611r2024-03-31w2024-03-31yL c5378d5378